000 00639nam a22001217a 4500
008 110615t xxu||||| |||| 00| 0 eng d
010 _aCACAF44
245 _aCourt of Appeal Criminal Appeal No. 41 OF 1999 Nfutimukiza Isaya Vs Uganda
260 _c1999
500 _aCoram: Hon. Justice C.M. Kato, JA. Hon. Justice G.M. Okello, JA Hon. Lady Justice C.N.B. Kitumba, JA
500 _aAppeal from the judgement of the High Court Rugadya Atwoki J. delivered at Mukono on 16/4/99 in Criminal Session Case No. 484 of 1996
999 _c3042
_d3042